000 00401cam a2200157ua 4500
003 OSt
008 221102b |||||||| |||| 00| 0 eng d
041 _aeng
082 _a305.5122
_bPAT/CA
100 _aPatnaik, N .
_95287
245 _aCaste and social change /
250 _a1 /
260 _aHyderabad :
_bNational Institute of Community Development ,
_c1969.
300 _a76 ; .
942 _cBK
999 _c1451
_d1451